| 000 | 00409nam a22001577a 4500 | ||
|---|---|---|---|
| 003 | OSt | ||
| 005 | 20231122113149.0 | ||
| 008 | 230202b xxu||||| |||| 00| 0 eng d | ||
| 020 | _a9789327276794 | ||
| 040 | _cIIMT UNIVERSITY, MEERUT | ||
| 100 | _aREDDY, SR | ||
| 245 | _aGEO- INFORM AND NANO TECHNOLOGY FOR PRECISION FARMING | ||
| 260 |
_aNEW DELHI _bKALYANI PUB. _c2022 |
||
| 300 | _a116 | ||
| 942 |
_2ddc _c02 |
||
| 999 |
_c56320 _d56320 |
||